000 nam a22 7a 4500
999 _c331706
_d331706
003 NUST
005 20171017103347.0
008 171017b xxu||||| |||| 00| 0 eng d
040 _cNUST
041 _hurdu
082 _a901.54918
_bHAS
100 _aHashmi, Hameed Ullah Shah
_95483
245 _aQadeem tahzeben Sindh o Qandhara /
_cby Hameed Ullah Shah Hashmi
260 _aLahore:
_bMaktaba daniyal,
300 _a202 p.
504 _aIncludes bibliographies
650 _aHistory- Sindh - Pakistan
_95484
880 _6100-01\(3\r
_aحمید اللہ شاہ ہاشمی
880 _6245-02\(3\r
_aقدیم تھزیبیں سندھ و قندھار
_cحمید اللہ شاہ ہاشمی
880 _6260-03\(3\r
_aلاہور:
_bمکتبہ دانیال،
942 _2ddc
_cBK